00963nam a2200169Ia 4500008004100000020001500041050001500056100004000071245012100111260004300232300001800275500008200293505032200375650003000697650002600727700004000753120626s2002 mx 000 0 spa d a9682430380 aLC191bA55 aAlmaguer Salazar, Teresa E. eautor aFundamentos sociales y psicológicos de la educaciónc / Teresa E. Almaguer Salazar; Aurora E. Elizondo Huerta  aMéxico b: Editorial Trillasc, 2002 a125 páginas aIncluye: Indice de contenido, Agradecimientos, Presentación, Bibliografía aTeoría moderna y funciones de la educación La educación en la región latinoamericana Políticas internacionales y educación en América Latina Psicología educativa: modelos básicos El Desarrollo humano y las diferencias individuales Evaluación y medición en el aprendizaje y la instrucción 0aPSICOLOGÍA PEDAGÓGICA 0aEDUCACION Y SOCIEDAD aElizondo Huerta, Aurora E. eautor